MARC

LEADER 00000nam0a2200000 4500
001 309844
005 20231102002229.0
020 |a RU  |b 81-96098 
035 |a (RuTPU)RU\TPU\book\335183 
090 |a 309844 
100 |a 20151118d1981 km y0rusy5003 ca 
101 0 |a rus 
102 |a RU 
105 |a a z 001zy 
200 1 |a Поиски и разведка нефтяных месторождений  |e научные труды  |f Академия наук СССР (АН СССР), Институт геологии и разработки горючих ископаемых (ИГиРГИ) ; отв. ред. В. Е. Орел 
210 |a Москва  |c Изд-во ИГИРГИ  |d 1981 
215 |a 164 с.  |c ил., 3 л. схем. 
320 |a Библиогр. в конце ст. 
606 1 |a Нефтяные месторождения  |x Поиски и разведка  |2 stltpush  |3 (RuTPU)RU\TPU\subj\45959  |9 65148 
610 1 |a геологическое строение 
610 1 |a нефтегазоносность 
610 1 |a перспективы 
610 1 |a поисково-разведочные работы 
610 1 |a запасы 
610 1 |a глубокое бурение 
610 1 |a Мангышлак 
610 1 |a Западная Сибирь 
675 |a 553.982:550.8  |z rus  |v 3 
702 1 |a Орел  |b В. Е.  |g Владимир Емельянович  |4 340 
712 0 2 |a Академия наук СССР (АН СССР)  |b Институт геологии и разработки горючих ископаемых (ИГиРГИ)  |c (Москва)  |c (1958-????)  |2 stltpush  |3 (RuTPU)RU\TPU\col\13483 
801 0 |a RU  |b RuMRKP  |c 19950704  |g psbo 
801 1 |a RU  |b 63413507  |c 20151118 
801 2 |a RU  |b 63413507  |c 20190904  |g RCR 
942 |c BK